ბათუმის შოთა რუსთაველის სახელმწიფო უნივერსიტეტის ბიბლიოთეკა

უფლის გზაზე : (ბიბ.ჩანაწერი № 57219)

000 -ლიდერი
ფიქსირებული სიგრძის საკონტროლო ველი 01533nam a22002537a 4500
003 - საკონტროლო ნომრის იდენტიფიკატორი
საკონტროლო ველი Ge_BSU
005 - ბოლო ოპერაციის თარიღი და დრო
საკონტროლო ველი 20200327163800.0
008 - ფიქსირებული სიგრძის მონაცემთა ელემენტები - ზოგადი ინფორმაცია
ფიქსირებული სიგრძის საკონტროლო ველი 200121s2018 ge ||||| |||| 00| 0 geo d
020 ## - წიგნის საერთაშორისო სტანდარტული ნომერი
International Standard Book Number 9789941209864
041 ## - ენის კოდი
Language code of text/sound track or separate title geo
080 ## - უნივერსალური ათობითი კლასიფიკაციის ინდექსი
Universal Decimal Classification number 821.353.1-1 ს-90
100 ## - მთავარი ჩანაწერი - პიროვნების სახელი
Personal name სტურუა, რეზო.
9 (RLIN) 70
245 ## - ცნობა სათაურის შესახებ
Title უფლის გზაზე :
Remainder of title ლექსები მიძღვნილი საქ. კათალიკოს-პატრიარქისადმი /
Statement of responsibility, etc რეზო სტურუა ; რედ. თემურ ჯაგოდნიშვილი ; წინასიტყვაობა ა. ფრანგიშვილი ; დიზ. გიორგი სალუქვაძე.
264 ## - წარმოების, გამოცემის, დისტრიბუციის და სხვა ცნობები
გამოცემის, წარმოების, დისტრიბუციის... ადგილი თბილისი :
გამოცემის, წარმოების, დისტრიბუციის... სახელწოდება ტექნ. უნივერსიტეტი,
გამოცემის, წარმოების, დისტრიბუციის... თარიღი 2018.
300 ## - ფიზიკური აღწერა
Extent 86 გვ. :
Other physical details ფოტ. ;
Dimensions 21 სმ.
500 ## - ზოგადი შენიშვნა
General note ილია II-ს (აღსაყდრებიდან 40 წლისთავზე)
653 ## - INDEX TERM--UNCONTROLLED
Uncontrolled term საქართველოს კათალიკოს-პატრიარქს ილია II-ს
653 ## - INDEX TERM--UNCONTROLLED
Uncontrolled term რელიგია
653 ## - INDEX TERM--UNCONTROLLED
Uncontrolled term ქრისტიანობა
700 ## - ADDED ENTRY--PERSONAL NAME
Personal name ჯაგოდნიშვილი, თემურ
Relator term რედაქტორი
9 (RLIN) 71
700 ## - ADDED ENTRY--PERSONAL NAME
Personal name ფრანგიშვილი, ა
Relator term წინასიტყვაობა
9 (RLIN) 79
700 ## - ADDED ENTRY--PERSONAL NAME
Personal name სალუქვაძე, გიორგი
Relator term დიზაინერი
9 (RLIN) 6265
942 ## - ADDED ENTRY ELEMENTS (KOHA)
Source of classification or shelving scheme
Koha item type წიგნი
ეგზემპლარები
ჩამოწერის სტატუსი დაკარგული ეგზემპლარის სტატუსი კლასიფიკაციის წყარო ან თაროზე გაწყობის სქემა დაზიანების სტატუსი არ გაიცემა მუდმივი მდებარეობა (დაცვის ადგილი) ამჟამინდელი ადგილსამყოფელი თაროზე განთავსების ადგილი შეძენის თარიღი ღირებულება, შესყიდვის ნორმალური ფასი სრული შენახვის შიფრი შტრიხკოდი ბოლო ოპერაციის თარიღი ეგზემპლარის მიმდევრობითი ნომერი (კეტერი?) ფასის ძალაში შესვლის თარიღი ეგზემპლარის სახეობა საჯარო შენიშვნა
          ბათუმის შოთა რუსთაველის სახელმწიფო უნივერსიტეტის მთავარი ბიბლიოთეკა ბათუმის შოთა რუსთაველის სახელმწიფო უნივერსიტეტის მთავარი ბიბლიოთეკა წიგნსაცავი 2020-01-21 15.00 821.353.1-1 ს-90 59535 2020-01-21 59535 2020-01-21 წიგნი 15.00
          ბათუმის შოთა რუსთაველის სახელმწიფო უნივერსიტეტის მთავარი ბიბლიოთეკა ბათუმის შოთა რუსთაველის სახელმწიფო უნივერსიტეტის მთავარი ბიბლიოთეკა წიგნსაცავი 2020-01-21 15.00 821.353.1-1 ს-90 59536 2020-01-21 59536 2020-01-21 წიგნი 15.00